| 000 | 01476nam a2200325 a 4500 | ||
|---|---|---|---|
| 001 | BRCA_3117 | ||
| 005 | 20190320204123.0 | ||
| 008 | 290109s1852----fr-a---###---#000-0#fre-u | ||
| 041 | _afre | ||
| 044 | _afr | ||
| 084 |
_a424 _b.A734 _c1852 |
||
| 100 | 1 |
_aCervantes Saavedra, Miguel de _d1547-1616 _9213 |
|
| 245 | 1 | 0 |
_aLe Don Quichotte de Cervantes _cMiguel de Cervantes Saavedra. |
| 260 |
_aParís _bMartial Ardent Freres _c1852 |
||
| 300 |
_a288 p. _bil. _c22 cm. |
||
| 500 | _aContenido : Primera parte. Advertencia de los editores. Texto. Segunda parte. Texto | ||
| 500 | _aEdición : Traduit par H. Bouchon Dubournial. Edition revuée corrigée par l´Abb, Paul Jounhanneaud Directeur de l´oeuvre des Bons Livres de Limoges, Chanoine honoraire | ||
| 500 | _aTraducción de H.B. Dubournial, revisada y corregida por P. Jouhanneaud. Tela; lomo y planos decorados con adornos multicolores Lúdovik Osterc | ||
| 500 | _aEstado físico : La edición presenta la cubierta y el lomo desprendidos | ||
| 500 | _aQM350A | ||
| 546 | _aTexto en : francés | ||
| 650 | 1 | 4 |
_aNovela española _yÉpoca clásica, 1500-1700 _9215 |
| 650 | 1 | 4 |
_aLiteratura española _yÉpoca clásica, 1500-1700 _9216 |
| 650 | 1 | 4 |
_aNovela española _ySiglo XVII _9217 |
| 650 | 1 | 4 |
_aDon Quijote (Personaje ficticio) _eNovela _9218 |
| 700 | 1 |
_aBouchon Dubbournial, Henri _d1749-1828 _eTraductor _98474 |
|
| 740 | 0 | _aEl Ingenioso Hidalgo Don Quijote de la Mancha | |
| 902 | _aQFM | ||
| 942 |
_2lcc _cB |
||
| 999 |
_c2853 _d2853 |
||